000 00947nam a2200253Ia 4500
003 OSt
005 20220923220855.0
006 a|||||r|||| 00| 0
007 ta
008 220922b |||||||| |||| 00| 0 hin d
024 _a191,757
037 _cTextual
040 _aARTS
_cARTS
_bhin
041 _2hin
_ahin
082 _aV2.D5<-D1, 152L4(Q4)
100 _aपांथरी, भगवती प्रसाद
245 0 _aभारत का स्वर्ण युग
246 _aBhārat kā svarṇa yuga
260 _aलखनऊ
_b उत्तर प्रदेश हिन्दी ग्रंथ अकादमी
_c1974
300 _a503पृ.
_ccm.
490 _aउत्तर प्रदेश गं्रथ अकादमी प्रकाशन; 136
942 _hV2.D5<-D1, 152L4(Q4)
_cTEXL
_2CC
999 _c344413
_d344413